000 00837nam a2200277 4500
003 OSt
005 20260530113909.0
008 260506b1974 gb |||| |||| 00| 0 eng d
040 _aICI
_bspa
_cICI
041 _aeng
050 _aPE1478
_bB69
100 1 _aMitchell, John,
_eautor
_933177
245 1 0 _aHow to Write Reports /
_cJohn Mitchell
264 1 _aGran Bretaña :
_bFontana/collins ,
_c1974.
300 _a157 páginas
336 _atexto
_2rdacontent
337 _asin medio
_2rdamedia
338 _avolumen
_2rdacarrier
500 _aGuía práctica para la redacción de informes
650 4 _aRedacción de informes
_933178
650 4 _aComunicación escrita
_933179
650 4 _aEscritura técnica
_933180
650 4 _aRedacción
_vManuales
_933181
650 4 _aInformes
_xElaboración
_933182
942 _2ddc
_cBK
_n1
999 _c12069
_d12069